Vista normal Vista MARC

Entrada Corporate Name

Número de registros utilizados en: 2

001 - CONTROL NUMBER

  • control field: 12

003 - CONTROL NUMBER IDENTIFIER

  • control field: DO-SdBNP

005 - DATE AND TIME OF LATEST TRANSACTION

  • control field: 20160809105929.0

008 - FIXED-LENGTH DATA ELEMENTS

  • fixed length control field: 160809|| aca||aabn | a|a d

040 ## - CATALOGING SOURCE

  • Original cataloging agency: DO-SdBNP

110 ## - HEADING--CORPORATE NAME

  • Corporate name or jurisdiction name as entry element: Fundación Economía y Desarrollo (República Dominicana)

670 ## - SOURCE DATA FOUND

  • Source citation: Mercado y libertad
  • Information found: portada